[Historiografia financií na území Slovenska]

Recenzia na vedeckú monografiu, ktorá sa zaoberá vývojom financií a finančnej vedy v jednotlivých spoločensko-ekonomických formáciách.

Salvato in:
Dettagli Bibliografici
Autore principale: Bukovová, Sylvia, 1959-
Natura: Capitolo di libro
Lingua:slovacco
Soggetti:
Tags: Aggiungi Tag
Nessun Tag, puoi essere il primo ad aggiungerne!!

MARC

LEADER 00000naa a2200000 4500
001 0229383
005 20240502073757.6
041 0 |a slo 
044 |a SK 
245 1 0 |a [Historiografia financií na území Slovenska]  |c Sylvia Bukovová 
520 |a Recenzia na vedeckú monografiu, ktorá sa zaoberá vývojom financií a finančnej vedy v jednotlivých spoločensko-ekonomických formáciách. 
610 2 0 |a recenzie 
610 2 0 |a veda finančná 
610 2 0 |a história 
610 2 0 |a Slovensko 
610 2 0 |a financie 
100 1 |a Bukovová, Sylvia, 1959-